Practical guidance methods for principals and teachers / (Record no. 49938)
[ view plain ]
| 000 -LEADER | |
|---|---|
| fixed length control field | 00725nam a2200229 a 4500 |
| 001 - CONTROL NUMBER | |
| control field | 49938 |
| 003 - CONTROL NUMBER IDENTIFIER | |
| rucl marc code | BD-RjUL |
| 005 - DATE AND TIME OF LATEST TRANSACTION | |
| control field | 20211209075432.0 |
| 008 - FIXED-LENGTH DATA ELEMENTS--GENERAL INFORMATION | |
| fixed length control field | 160823s1952 nyu 000 0 eng d |
| 035 ## - SYSTEM CONTROL NUMBER | |
| System control number | (BD-RjUL)50058 |
| 040 ## - CATALOGING SOURCE | |
| Original cataloging agency | DLC |
| Transcribing agency | JPL |
| Modifying agency | SER |
| -- | XBM |
| -- | UKM |
| -- | EQO |
| -- | BD-RjUL |
| Language of cataloging | eng |
| 041 ## - LANGUAGE CODE | |
| Language code of text/sound track or separate title | eng |
| 082 ## - DEWEY DECIMAL CLASSIFICATION NUMBER | |
| Classification number | 371.422 |
| Edition number | 23 |
| Author mark and year | MOP 1952 |
| 100 1# - MAIN ENTRY--PERSONAL NAME | |
| Personal name | Morris, Glyn, |
| Dates associated with a name | 1932- |
| 9 (RLIN) | 149661 |
| 245 10 - TITLE STATEMENT | |
| Title | Practical guidance methods for principals and teachers / |
| Statement of responsibility, etc. | by Glyn Morris, foreword by Ruth Strang |
| 260 ## - PUBLICATION, DISTRIBUTION, ETC. (IMPRINT) | |
| Place of publication, distribution, etc. | New York : |
| Name of publisher, distributor, etc. | Harper & Brothers, |
| Date of publication, distribution, etc. | 1952 |
| 300 ## - PHYSICAL DESCRIPTION | |
| Pagination | xii, 266 p. ; |
| Size | 22 cm |
| 500 ## - GENERAL NOTE | |
| General note | Includes Index |
| 650 #0 - SUBJECT ADDED ENTRY--TOPICAL TERM | |
| Topical term or geographic name as entry element | Educational counseling |
| 9 (RLIN) | 133350 |
| 700 ## - ADDED ENTRY--PERSONAL NAME | |
| Personal name | Strang, Ruth foreword by |
| 942 ## - ADDED ENTRY ELEMENTS (KOHA) | |
| Source of classification or shelving scheme | Dewey Decimal Classification |
| Koha item type | Books |
| Lost status | Source of classification or shelving scheme | Damaged status | Not for loan | Collection code | Permanent Location | Current Location | Shelving location | Date acquired | Source of acquisition | Cost, normal purchase price | Total Checkouts | Full call number | Date last seen | Copy number | Koha item type |
|---|---|---|---|---|---|---|---|---|---|---|---|---|---|---|---|
| Dewey Decimal Classification | Non-fiction | Central Library, University of Rajshahi | Central Library, University of Rajshahi | 11/10/1957 | P.A. Commercial, | 18.00 | 371.422 MOP 1952 | 23/08/2016 | C-2 | Books |